Gold, gilts and ground rents (Record no. 83412)
[ view plain ]
| 000 -LEADER | |
|---|---|
| fixed length control field | 01033cab a22001935a 4500 |
| 001 - CONTROL NUMBER | |
| control field | L153898 |
| 008 - FIXED-LENGTH DATA ELEMENTS--GENERAL INFORMATION | |
| fixed length control field | 110919s2011 xxk 000 0 eng d |
| 035 ## - SYSTEM CONTROL NUMBER | |
| System control number | (Sirsi) u153898 |
| 041 0# - LANGUAGE CODE | |
| Language code of text/sound track or separate title | eng |
| 100 1# - MAIN ENTRY--PERSONAL NAME | |
| Personal name | Gottlieb, Julius |
| 245 00 - TITLE STATEMENT | |
| Title | Gold, gilts and ground rents |
| 260 ## - PUBLICATION, DISTRIBUTION, ETC. | |
| Date of publication, distribution, etc. | 2011 |
| 490 #0 - SERIES STATEMENT | |
| Series statement | Sustainablebuilding inc Propertyforecast |
| Volume/sequential designation | (56) August 2011, 15(1) |
| 520 ## - SUMMARY, ETC. | |
| Summary, etc. | Ground rent portfolios with their predictable long-term cash flow are beginning to make inroads into the UK investment market. Income of 5% from residential ground rents is looking increasingly attractive compared to yields on 10-year gilts which have recently fallen below 2.5% and interest on most bank deposits sitting below 0.5%. Outlines what a ground rent is and gives brief notes on the ground rent market and the main companies involved. Recommends the sector to institutional investors. |
| 590 ## - LOCAL NOTE (RLIN) | |
| Local note | KA |
| 651 #4 - SUBJECT ADDED ENTRY--GEOGRAPHIC NAME | |
| Geographic name | United Kingdom |
| Chronological subdivision | |
| 690 ## - LOCAL SUBJECT ADDED ENTRY--TOPICAL TERM (OCLC, RLIN) | |
| Topical term or geographic name as entry element | PROPERTY-RESIDENTIAL PROPERTY-RESIDENTIAL PROPERTY FINANCE AND INVESTMENT |
| 942 ## - ADDED ENTRY ELEMENTS (KOHA) | |
| Suppress in OPAC | 0 |
| Withdrawn status | Lost status | Source of classification or shelving scheme | Damaged status | Not for loan | Home library | Current library | Shelving location | Date acquired | Total Checkouts | Full call number | Barcode | Date last seen | Copy number | Price effective from | Koha item type |
|---|---|---|---|---|---|---|---|---|---|---|---|---|---|---|---|
| Dewey Decimal Classification | London | London | Journal article | 19/09/2011 | L153898 | 153898-1001 | 06/08/2019 | 1 | 06/08/2019 | Journal article |